00728cam a22001574a 45000010009000000050017000090080041000260200015000670400018000820820022001002450336001222600040004583000013004986500027005117000032005381322539820240227055601.0030605s1999 ci b 100 0 hrv  a9539674476 aDLCcDLCdDLC 222a323.33.bNOV.10aSeminar "Žene i politika: nova militarizacija Europe, posljedice i utjecaji" :bdokumentacija, Dubrovnik, 18.-23. svibnja 1998 /c[urednica, Durda Knežević] = Seminar "Women and Politics: the New Militarization of Europe, Impacts and Implications" : dokumentation, Dubrovnik, May 18-23, 1998 / [edited by Durda Knežević]. aZagreb :bŽenska infoteka,c1999. a158 p. ; 0aWomen and the military1 aKnežević, Đurđa.eedt